Datum a čas kvízu
31.5
Celkem bodů
Celkový počet nahraných bodů na tomto kvízu bez doplňovacích otázek.
4.
Pořadí na kvízu
Konečné umístění týmu na tomto kvízu.
Zaznamenané odpovědi
| # | Otázka | Odpověď | Body | Výsledky |
|---|---|---|---|---|
| 1. | Bývalá pražská primátorka Adri... | C) detektivní román | 1 | |
| 2. | Minulý týden byla jmenována no... | Zelení/Die Grünen | 1 | |
| 3. | V pondělí jsme se dozvěděli, k... | 1917, Tenkrát v Hollywoodu | 0 | |
| 4. | První český výrobce nealkoholi... | Mattoni, Košík.cz | 0.5 | |
| 5. | 36letá bývalá světová jednička... | Kim Clijstersová | 1 | |
| 6. | Rožnovský tým Kačeři vyhrál mo... | Dave Gahan | 1 | |
| 7. | Která skladba "Depešáků" je ne... | Enjoy the Silence | 1 | |
| 8. | Podle čeho si tato kapela vybr... | B) podle časopisu | 1 | |
| 9. | Gary Numan, Ultravox, Devo...... | synthpop | 1 | |
| 10. | Depešáci ovlivnili řadu hudebn... | Shalom | 1 |